[Event "Mechanics' Winter TNM; G/2"]
[Site "San Francisco"]
[Date "2016.01.05"]
[Round "1.18"]
[White "Eastham, Asher"]
[Black "Krasnov, Steven Le"]
[Result "0-1"]
[WhiteElo "1499"]
[BlackElo "1958"]
[Annotator "Donaldson"]
[PlyCount "44"]
[EventDate "2016.??.??"]

1. e4 c6 2. d4 d5 3. Nc3 dxe4 4. Nxe4 Bf5 5. Ng3 Bg6 6. h4 h6 7. Nf3 Nd7 8. h5
Bh7 9. Bd3 Bxd3 10. Qxd3 Ngf6 11. O-O e6 12. Ne5 Bd6 13. Re1 Qc7 14. Qe2 (14.
Nf5 $5 exf5 15. Ng6+ Ne4 16. Rxe4+ fxe4 17. Qxe4+ Kd8 18. Nxh8 {
was an interesting alternative.}) 14... O-O 15. Ng4 $2 Bxg3 16. fxg3 Qxg3 17.
Nh2 Rfe8 18. Bd2 e5 19. dxe5 Rxe5 20. Qf3 Qxf3 21. Nxf3 Rxh5 22. Bc3 Re8 0-1

[Event "Mechanics' Winter TNM; G/2"]
[Site "San Francisco"]
[Date "2016.02.16"]
[Round "7.32"]
[White "Eastham, Asher"]
[Black "Lagrotta, Daniel S"]
[Result "1-0"]
[WhiteElo "1499"]
[BlackElo "1653"]
[PlyCount "27"]
[EventDate "2016.??.??"]

1. e4 c5 2. Nf3 d6 3. d4 cxd4 4. Nxd4 Nf6 5. Nc3 a6 6. Bc4 b5 7. Bb3 b4 8. Nd5
Nxe4 9. Qf3 f5 10. Nxf5 ({Fritz:} 10. Ba4+ $1 Kf7 (10... Bd7 11. Ne6 Qc8 12.
Ndc7+ Kf7 13. Qxf5+ Nf6 14. Bb3 $18) 11. Nxf5 Bxf5 12. Qxf5+ Nf6 (12... Kg8 13.
Qe6#) 13. Nxf6 exf6 14. Qd5+ $18) 10... Bxf5 11. Qxf5 Nf6 12. Nxf6+ exf6 13.
Be3 Be7 14. Qd5 1-0

[Event "Mechanics' Winter TNM; G/2"]
[Site "San Francisco"]
[Date "2016.02.02"]
[Round "5.27"]
[White "Eastham, Asher"]
[Black "Sherwood, Peter"]
[Result "1/2-1/2"]
[WhiteElo "1499"]
[BlackElo "1671"]
[Annotator "Donaldson"]
[PlyCount "90"]
[EventDate "2016.??.??"]

1. e4 c5 2. Nf3 d6 3. d4 cxd4 4. Nxd4 Nf6 5. Nc3 a6 6. Bc4 e6 7. Bb3 b5 8. f3
$6 {This is rarely a good idea in the Sozin, where f2-f4-f5 is the norm to
make the bishop on b3 a better piece.} (8. O-O Bb7 9. Re1 Nbd7 10. Bg5) 8...
Be7 9. O-O O-O 10. Kh1 Qb6 (10... Bb7 11. Be3 Nbd7 12. Qe2 Rc8 13. Rad1 Qc7 {
and Black's position is much easier to play. One good plan is ...Nd7-e5-c4.})
11. Be3 Qb7 12. Qd2 Nc6 13. Nxc6 Qxc6 14. Rad1 Bb7 15. a3 Rfd8 16. Bg5 Qc7 17.
Rfe1 Ne8 18. Bxe7 Qxe7 19. Re3 Qg5 20. Rd3 Qxd2 21. R3xd2 Kf8 22. Ne2 Ke7 (
22... Rac8) 23. c4 Nc7 24. Nc3 Bc6 25. Rc2 Rac8 26. Kg1 bxc4 27. Bxc4 Nb5 28.
Nxb5 Bxb5 29. Rdc1 Kd7 30. Kf2 Bxc4 31. Rxc4 Rxc4 32. Rxc4 Rc8 33. Rxc8 Kxc8
34. Ke3 Kc7 35. Kd4 Kc6 36. Kc4 Kb6 37. b4 d5+ 38. exd5 exd5+ 39. Kxd5 Kb5 40.
h4 Ka4 41. Kc5 Kxa3 42. g4 Kb3 43. f4 Kc3 44. f5 h6 45. g5 hxg5 {
A well-timed draw offer, as White is winning after 46.hxg5.} 1/2-1/2

[Event "Mechanics' Summer TNM; G/2"]
[Site "San Francisco"]
[Date "2016.06.21"]
[Round "5.25"]
[White "Eastham, Asher Dan"]
[Black "Argo, Guy"]
[Result "0-1"]
[WhiteElo "1576"]
[BlackElo "1937"]
[PlyCount "24"]
[EventDate "2016.??.??"]

1. e4 e5 2. Nf3 f5 3. Nxe5 Nc6 4. Qh5+ g6 5. Nxg6 Nf6 6. Qxf5 d6 7. Qf4 hxg6 8.
Bc4 Qe7 9. d3 Bh6 10. Qg3 Bxc1 11. Qxg6+ Kd8 12. O-O Bxb2 0-1

[Event "Mechanics' Fall TNM; G/2"]
[Site "San Francisco"]
[Date "2016.11.01"]
[Round "3.40"]
[White "Eastham, Asher Dan"]
[Black "Bayaraa, Timothy"]
[Result "1-0"]
[WhiteElo "1548"]
[BlackElo "554"]
[Annotator "Donaldson"]
[PlyCount "47"]
[EventDate "2016.??.??"]

1. e4 e5 2. Nf3 Nc6 3. Bc4 Bc5 4. c3 Nf6 5. d4 exd4 6. cxd4 Bb6 $2 (6... Bb4+)
7. e5 Ne4 (7... d5 8. exf6 dxc4 9. d5) 8. Bd5 (8. Qe2 $1 Ba5+ 9. Kf1) 8... Ba5+
9. Nbd2 Nxd2 10. Bxd2 Bxd2+ 11. Qxd2 Nb8 12. O-O h5 13. Qf4 O-O 14. Rac1 c6 15.
Bc4 b5 16. Bd3 Bb7 17. Qe4 (17. Nh4) 17... g6 18. Rc5 (18. Qf4) 18... d6 19.
exd6 Qxd6 {Diagram [#]} 20. Rxh5 $1 f5 (20... Nd7) 21. Qh4 $1 gxh5 22. Qg5+ Kf7
23. Qxh5+ Qg6 24. Ne5+ 1-0

[Event "Mechanics' Alan Benson TNM; G/2"]
[Site "San Francisco"]
[Date "2016.09.27"]
[Round "9.28"]
[White "Eastham, Asher Dan"]
[Black "Enkh, Tergelsar"]
[Result "1-0"]
[WhiteElo "1568"]
[BlackElo "1208"]
[Annotator "Donaldson"]
[PlyCount "45"]
[EventDate "2016.??.??"]

1. e4 e5 2. Nf3 Nc6 3. Bc4 Bc5 4. c3 Nf6 5. d4 exd4 6. cxd4 Bb4+ 7. Bd2 Bxd2+
8. Nbxd2 O-O 9. O-O Nxe4 10. Nxe4 d5 11. Bxd5 Qxd5 12. Nc3 Qd6 13. d5 Ne7 14.
Qd2 Bg4 15. Ng5 Nxd5 16. Qxd5 Qxd5 17. Nxd5 h6 18. Ne4 c6 19. Ne3 (19. Ndf6+)
19... Be2 20. Rfe1 Bb5 21. Rad1 Rad8 22. Nd6 Ba6 23. Nec4 1-0

[Event "Mechanics' Spring TNM; G/2"]
[Site "San Francisco"]
[Date "2016.03.15"]
[Round "1.15"]
[White "Eastham, Asher Dan"]
[Black "Kumar, Vikas"]
[Result "0-1"]
[WhiteElo "1501"]
[BlackElo "1973"]
[Annotator "Donaldson"]
[PlyCount "106"]
[EventDate "2016.??.??"]

1. e4 c5 2. Nf3 d6 3. d4 cxd4 4. Nxd4 Nf6 5. Nc3 g6 6. Be3 Bg7 7. f3 O-O 8. Qd2
Nc6 9. O-O-O Nxd4 10. Bxd4 Be6 11. g4 Qa5 12. Kb1 Rfc8 13. a3 Rab8 14. g5 Nh5
15. Bxg7 Kxg7 16. Qd4+ Kg8 17. Nd5 Bxd5 18. exd5 b5 19. Qb4 Qc7 20. Bd3 a5 21.
Qe4 Qd7 22. Rhe1 b4 23. axb4 Rxb4 24. Qxe7 Qxe7 25. Rxe7 Rcb8 26. b3 a4 27. Rd7
R8b6 28. Re1 axb3 29. c3 Ra4 30. Rd8+ Kg7 31. Ree8 Nf6 32. gxf6+ Kxf6 33. Rb8
Rxb8 34. Rxb8 Rh4 35. Kb2 Rxh2+ 36. Kxb3 h5 37. Kc4 (37. Rb6 $1 Ke7 38. c4 h4
39. c5 dxc5 40. d6+ Ke6 41. Bc4+ Kd7 42. Bb5+ Ke6 43. d7+ Ke7 44. Rb8 $18)
37... h4 38. Rh8 Kg7 {Diagram [#]} 39. Re8 $2 (39. Rd8 h3 40. Rxd6 Rg2 41. Bf1
Rg3 42. Bxh3 Rxh3 43. Rd8 $18) 39... Rf2 40. Re4 h3 41. Rh4 Rxf3 42. Be4 $6 (
42. Be2 Rg3 (42... Rf2 43. Kd3 h2 44. Ke3) 43. Kd4 f5 $11) 42... Rg3 43. Kd4 f5
44. Bh1 $4 (44. Bd3 $15) 44... Rg4+ 45. Rxg4 fxg4 46. Ke4 g3 47. Kf3 g2 48.
Bxg2 hxg2 49. Kxg2 Kf6 50. Kf3 Ke5 51. c4 Kd4 52. Kg4 Kxc4 53. Kg5 Kxd5 0-1

[Event "Mechanics' Summer TNM; G/2"]
[Site "San Francisco"]
[Date "2016.06.07"]
[Round "3.21"]
[White "Eastham, Asher Dan"]
[Black "Marcus, Joel"]
[Result "0-1"]
[WhiteElo "1576"]
[BlackElo "1913"]
[PlyCount "48"]
[EventDate "2016.??.??"]

1. e4 e5 2. Nf3 Nf6 3. Nxe5 d6 4. Nf3 Nxe4 5. d4 d5 6. Bd3 Nc6 7. O-O Be7 8.
Bf4 Bg4 9. c3 f5 10. h3 Bh5 11. Nbd2 Bd6 12. Bxd6 Qxd6 13. Qc2 O-O-O 14. b4 g5
15. b5 Nb8 16. Rac1 g4 17. Nh4 Qf6 18. g3 Rhg8 19. Kh2 gxh3 20. Nxe4 dxe4 21.
Be2 Bg4 22. Rfe1 f4 23. Bxg4+ Rxg4 24. Qxe4 fxg3+ 0-1

[Event "Mechanics' Spring TNM; G/2"]
[Site "San Francisco"]
[Date "2016.03.29"]
[Round "3.28"]
[White "Eastham, Asher Dan"]
[Black "McCarty-Snead, Cal"]
[Result "1/2-1/2"]
[WhiteElo "1501"]
[BlackElo "1732"]
[Annotator "Donaldson"]
[PlyCount "66"]
[EventDate "2016.??.??"]

1. e4 e5 2. Nf3 Nc6 3. Bc4 Bc5 4. c3 Nf6 5. d4 exd4 6. cxd4 Bb4+ 7. Bd2 Nxe4 8.
Bxb4 Nxb4 9. Bxf7+ Kxf7 10. Qb3+ d5 11. Ne5+ Ke8 $2 (11... Ke6 12. Qxb4 Qf8 {
is a reliable variation offering Black equal chances.} (12... c5 {
is more combative.})) 12. Qxb4 Qd6 13. Qb3 c6 14. O-O $16 {
Black's king is stuck in the center.} Rf8 15. f3 Nf6 16. Re1 Kd8 17. Nc3 Kc7
18. Qc2 a6 19. Rac1 g6 20. a3 Nd7 21. b4 Nxe5 22. Rxe5 Kb8 23. Na4 Ka7 24. Qc5+
Qxc5 25. Nxc5 Rf7 26. a4 Bd7 27. Rce1 Rg8 28. Re7 Rgg7 29. Rxd7 Rxd7 30. Nxd7
Rxd7 31. Kf2 Kb6 32. Re6 Kc7 33. Ke3 Rf7 1/2-1/2

[Event "Mechanics' Fall TNM; G/2"]
[Site "San Francisco"]
[Date "2016.12.06"]
[Round "8.23"]
[White "Eastham, Asher Dan"]
[Black "McKellar, Daniel"]
[Result "1/2-1/2"]
[WhiteElo "1548"]
[BlackElo "1745"]
[Annotator "Donaldson"]
[PlyCount "104"]
[EventDate "2016.??.??"]

1. e4 c5 2. Nf3 g6 3. d4 cxd4 4. Nxd4 Bg7 5. Be3 Nc6 6. Nc3 Nf6 7. f3 O-O 8.
Qd2 d5 {Black is a tempo ahead of the Dragon line having saved a tempo by
playing ...d5 in one go.} 9. Nxc6 bxc6 10. O-O-O Be6 11. Kb1 dxe4 12. Nxe4 Nxe4
13. fxe4 {Diagram [#]} Qxd2 $6 {
Black needs the queens on to attack White's king.} (13... Qb8 $1 14. Bd4 $4 (
14. b3 a5) (14. c3 Qe5 15. Bd3 Rab8) (14. Qc1 Qb4) 14... Rd8) 14. Rxd2 Rab8 15.
b3 a5 16. Bd3 a4 17. Bc5 axb3 18. cxb3 (18. axb3 Bf6 19. Rhd1 Bg5 20. Rf2 Rfd8
21. Be2 Rxd1+ 22. Bxd1 Rd8 23. Be2 f5 24. e5 Rd5) 18... Bf6 19. Rhd1 Bg5 20.
Rc2 Rfd8 21. Be2 Rxd1+ 22. Bxd1 Rd8 23. Be2 f5 24. e5 Rd5 25. Bf3 Rxe5 26. Bxc6
Bf6 27. Bb5 Kf7 28. Bc4 Re1+ 29. Rc1 Rxc1+ 30. Kxc1 Bxc4 31. bxc4 e5 32. a4 Bd8
33. Bd6 Ke6 34. Bb8 e4 35. Kd2 Kd7 36. Ke3 Bb6+ 37. Ke2 Kc6 38. Kd2 Kc5 39. Kc3
Ba5+ 40. Kb3 Bd2 41. Ba7+ Kc6 42. Kc2 e3 43. g3 g5 44. Kd3 f4 45. gxf4 gxf4 46.
Ke2 Kb7 47. Bd4 Kc6 48. Be5 f3+ 49. Kxf3 Kc5 50. Ke2 Kxc4 51. Bf4 Kd4 52. Bh6
Ke4 1/2-1/2

[Event "Mechanics' Alan Benson TNM; G/2"]
[Site "San Francisco"]
[Date "2016.09.06"]
[Round "6.29"]
[White "Eastham, Asher Dan"]
[Black "Olson, David R"]
[Result "1/2-1/2"]
[WhiteElo "1568"]
[BlackElo "1400"]
[PlyCount "54"]
[EventDate "2016.??.??"]

1. e4 e5 2. Nf3 Nc6 3. Bc4 Nf6 4. d3 Bc5 5. O-O d6 6. c3 O-O 7. Bg5 Be6 8. Bb3
Ne7 9. Bxf6 gxf6 10. d4 Bb6 11. Nbd2 Kh8 12. Re1 Rg8 13. Nf1 Ng6 14. Ne3 Nf4
15. Kh1 Qf8 16. Qd2 Qg7 17. Nh4 c6 18. f3 Rad8 19. g3 Nh5 20. Nef5 Bxf5 21.
Nxf5 Qg5 22. Qxg5 Rxg5 23. Rad1 exd4 24. Nh6 Nxg3+ 25. hxg3 Rh5+ 26. Kg2 Rxh6
27. cxd4 Kg7 1/2-1/2

[Event "Mechanics' Spring TNM; G/2"]
[Site "San Francisco"]
[Date "2016.04.12"]
[Round "5.29"]
[White "Eastham, Asher Dan"]
[Black "Paquette, James"]
[Result "0-1"]
[WhiteElo "1501"]
[BlackElo "1677"]
[PlyCount "62"]
[EventDate "2016.??.??"]

1. e4 g6 2. d4 Bg7 3. Nc3 c5 4. Be3 Qa5 5. Qd2 d6 6. Bc4 Nc6 7. Nge2 Nf6 8.
dxc5 dxc5 9. f3 O-O 10. Bh6 Rd8 11. Qf4 e5 12. Qe3 Nd4 13. O-O-O Be6 14. Bxe6
Nxe6 15. Kb1 Nd4 16. Bg5 b5 17. Bxf6 Bxf6 18. Nd5 Bg7 19. c3 Ne6 20. h4 b4 21.
Nc1 bxc3 22. Qxc3 Qxc3 23. Nxc3 Nd4 24. Nd3 c4 25. Nb4 Rab8 26. Nbd5 Rb7 27.
Rd2 Rdb8 28. Ne3 Bh6 29. Nxc4 Bxd2 30. Nxd2 Rxb2+ 31. Kc1 Rc2+ 0-1

[Event "Mechanics' Summer TNM; G/2"]
[Site "San Francisco"]
[Date "2016.05.24"]
[Round "1.8"]
[White "Eastham, Asher Dan"]
[Black "Traub, Igor Vladim"]
[Result "0-1"]
[WhiteElo "1576"]
[BlackElo "2136"]
[PlyCount "74"]
[EventDate "2016.??.??"]

1. e4 d5 2. exd5 Nf6 3. d4 Nxd5 4. Nf3 g6 5. Be2 Bg7 6. O-O O-O 7. c4 Nb6 8.
Be3 Nc6 9. Nc3 e5 10. dxe5 Nxe5 11. Nxe5 Bxe5 12. Qd2 Be6 13. b3 Qxd2 14. Bxd2
Rad8 15. Be1 c6 16. Rc1 a5 17. a4 Bf4 18. Rd1 Rxd1 19. Bxd1 Bf5 20. g3 Be5 21.
f4 Bd4+ 22. Bf2 Bxc3 23. Bxb6 Re8 24. Kf2 Bd3 25. Rg1 f6 26. g4 Bd2 27. Kg3 Kf7
28. h4 Be1+ 29. Kh3 Bb4 30. g5 f5 31. Kg3 c5 32. Kf2 Re4 33. Bc7 Bc3 34. Kf3
Ke7 35. Rh1 Kd7 36. Bb8 Re8 37. Ba7 Be4+ 0-1

[Event "Mechanics' Fall TNM; G/2"]
[Site "San Francisco"]
[Date "2016.10.25"]
[Round "2.40"]
[White "Eastham, Asher Dan"]
[Black "White, Benjamin M"]
[Result "0-1"]
[WhiteElo "1548"]
[BlackElo "1040"]
[Annotator "Donaldson"]
[PlyCount "58"]
[EventDate "2016.??.??"]

1. e4 e5 2. Nf3 Nc6 3. Bc4 Bc5 4. c3 d6 5. d4 Bb6 6. O-O Bg4 7. Bxf7+ $2 Kxf7
8. Ng5+ Qxg5 9. Bxg5 Bxd1 10. Rxd1 exd4 11. cxd4 Bxd4 12. Nc3 Nf6 13. Re1 Rhe8
14. Bxf6 gxf6 15. Nd5 Rac8 16. Rab1 Ne7 17. Ne3 Ng6 18. Nf5 Bb6 19. Rbc1 Ne5
20. Rc2 Nd3 21. Rd1 Rxe4 22. Nxd6+ cxd6 23. Rxc8 Nxf2 24. Rb1 (24. Rf1 Rf4)
24... Nd1+ 25. Kf1 Ne3+ 26. Ke2 d5 27. Kf3 Nc4 28. Rd1 Ne5+ 29. Kg3 Re3+ 0-1

[Event "Mechanics' Spring TNM; G/2"]
[Site "San Francisco"]
[Date "2016.05.03"]
[Round "8.25"]
[White "Ebert, John"]
[Black "Brown, Nicholas M"]
[Result "1-0"]
[WhiteElo "1770"]
[BlackElo "1501"]
[PlyCount "75"]
[EventDate "2016.??.??"]

1. d4 d5 2. Nf3 e6 3. e3 Nf6 4. Bd3 c5 5. c3 Nc6 6. O-O Bd6 7. dxc5 Bxc5 8. b4
Bd6 9. b5 Ne5 10. Nxe5 Bxe5 11. f4 Bc7 12. Nd2 O-O 13. Nf3 Re8 14. Ba3 Bb6 15.
Qe2 Qc7 16. h3 Qxf4 17. Nd4 Qh6 18. Rae1 Ne4 19. Bxe4 dxe4 20. c4 Qg6 21. Qf2
Bd8 22. c5 e5 23. Nf5 Re6 24. Rd1 Bf6 25. Qd2 Re8 26. Nd6 Rd8 27. Kh1 Be6 28.
c6 bxc6 29. bxc6 Be7 30. Qc2 Bxd6 31. Bxd6 Rac8 32. c7 Rd7 33. Bxe5 f6 34. Rxd7
Bxd7 35. Bf4 f5 36. Rd1 Qe6 37. Qb3 Qxb3 38. axb3 1-0

[Event "Mechanics' Winter TNM; G/2"]
[Site "San Francisco"]
[Date "2016.01.05"]
[Round "1.43"]
[White "Ebert, John"]
[Black "Paquette, James"]
[Result "1-0"]
[WhiteElo "1770"]
[BlackElo "1676"]
[PlyCount "81"]
[EventDate "2016.??.??"]

1. d4 d5 2. Nf3 e6 3. e3 c6 4. Bd3 f5 5. Ne5 Bd6 6. Qh5+ g6 7. Nxg6 Nf6 8. Qh3
Rg8 9. Ne5 Nbd7 10. f4 Qe7 11. Nd2 Nf8 12. Ndf3 Bd7 13. Bd2 O-O-O 14. O-O-O Ne4
15. Be1 Re8 16. Bxe4 fxe4 17. Nd2 Ng6 18. Rg1 Nxe5 19. dxe5 Bc5 20. Nb3 Bb6 21.
g4 Ref8 22. Bh4 Bxe3+ 23. Qxe3 Qxh4 24. Qxa7 Qxh2 25. Nc5 Qxf4+ 26. Kb1 Rg7 27.
Qxb7+ Kd8 {Diagram #} 28. Nxe6+ $1 Bxe6 29. Qxg7 Rf7 30. Qh8+ Ke7 31. Qb8 Bxg4
32. Qd6+ Ke8 33. Qxc6+ Kf8 34. Qd6+ Ke8 35. Qxd5 Bxd1 36. Rxd1 Kf8 37. Qd8+ Kg7
38. e6 Rb7 39. e7 Rxb2+ 40. Kxb2 Qe5+ 41. Qd4 1-0

[Event "Mechanics' Summer TNM; G/2"]
[Site "San Francisco"]
[Date "2016.07.05"]
[Round "7.38"]
[White "Enkh, Tergelsar"]
[Black "Allen, Tom Carter"]
[Result "0-1"]
[WhiteElo "1205"]
[BlackElo "1443"]
[PlyCount "90"]
[EventDate "2016.??.??"]

1. e4 e5 2. Nf3 Nc6 3. Bc4 Nf6 4. d3 Be7 5. Be3 d6 6. h3 O-O 7. Nc3 a6 8. a3
Bd7 9. O-O Qc8 10. Kh2 Nh5 11. Nd5 Be6 12. Qd2 Bxd5 13. Bxd5 Nd8 14. Bb3 Ne6
15. c4 h6 16. Bd1 Nhf4 17. g3 Ng6 18. b4 c6 19. Bb3 b5 20. Rac1 c5 21. Kg2 Nd4
22. Bxd4 exd4 23. Rfe1 Ne5 24. Qe2 Qb7 25. Nd2 bxc4 26. Nxc4 cxb4 27. Nxe5 dxe5
28. Bd5 Qd7 29. Bc6 Qd6 30. Bxa8 Rxa8 31. axb4 Qxb4 32. Rb1 Qd6 33. Rec1 Qd7
34. Rb2 Ba3 35. Ra1 Bxb2 36. Qxb2 a5 37. Qb6 a4 38. Qc5 Qe8 39. Ra3 Rc8 40. Qb4
Rc3 41. Rxc3 dxc3 42. Qxc3 f6 43. Qa3 Qb5 44. f3 Qb3 45. Qd6 Qb2+ 0-1

[Event "Mechanics' Winter TNM; G/2"]
[Site "San Francisco"]
[Date "2016.01.05"]
[Round "1.34"]
[White "Enkh, Tergelsar"]
[Black "Alzhin, Leonid"]
[Result "0-1"]
[WhiteElo "1038"]
[BlackElo "1782"]
[Annotator "Donaldson"]
[PlyCount "54"]
[EventDate "2016.??.??"]

1. e4 e5 2. Nf3 Nc6 3. Bc4 Be7 4. d4 exd4 5. Nxd4 d6 6. Nxc6 bxc6 7. Bf4 Nf6 8.
e5 dxe5 9. Qxd8+ Bxd8 10. Bxe5 O-O 11. O-O Nd5 12. Nc3 Be6 13. Nxd5 cxd5 14.
Bb5 Bf6 15. Bxf6 gxf6 16. Bc6 Rab8 17. b3 Rb6 18. Ba4 c5 19. Rac1 Kh8 20. f4
Bf5 21. Rfe1 Re6 22. Rxe6 fxe6 23. Bd7 Rd8 24. Bb5 e5 25. fxe5 fxe5 26. Re1 e4
27. Rf1 Bg6 {Black is better but White's resignation is definitely premature.}
0-1

[Event "Mechanics' Spring TNM; G/2"]
[Site "San Francisco"]
[Date "2016.03.15"]
[Round "1.30"]
[White "Enkh, Tergelsar"]
[Black "Andries, W Craig"]
[Result "0-1"]
[WhiteElo "1081"]
[BlackElo "1862"]
[PlyCount "64"]
[EventDate "2016.??.??"]

1. e4 d6 2. d4 Nf6 3. Nc3 g6 4. Nf3 Bg7 5. Bc4 O-O 6. h3 Nc6 7. Be3 e5 8. d5
Ne7 9. O-O a6 10. a4 h6 11. b4 Ne8 12. Qe2 Kh7 13. b5 f5 14. Qd3 Nf6 15. exf5
gxf5 16. Ne1 axb5 17. Nxb5 e4 18. Qe2 Nfxd5 19. Rd1 Be6 20. Bb3 c6 21. Nd4 Bf7
22. f3 Nc3 23. Qd2 Nxd1 24. Qxd1 d5 25. c3 Qd7 26. Nec2 Bg6 27. Bf4 Ng8 28. Qe1
Rae8 29. Qh4 Bf6 30. Qg3 Rf7 31. Ne3 Ne7 32. Kh1 Rg8 0-1

[Event "Mechanics' Alan Benson TNM; G/2"]
[Site "San Francisco"]
[Date "2016.08.23"]
[Round "4.35"]
[White "Enkh, Tergelsar"]
[Black "Casares Jr, Nick"]
[Result "1/2-1/2"]
[WhiteElo "1208"]
[BlackElo "1617"]
[Annotator "Donaldson"]
[PlyCount "74"]
[EventDate "2016.??.??"]

1. e4 e5 2. Nf3 Nc6 3. Bb5 a6 4. Ba4 Nf6 5. O-O b5 6. Bb3 Be7 7. Re1 O-O 8. c3
d5 9. exd5 Nxd5 10. d4 Bg4 11. h3 Bh5 12. dxe5 Nb6 13. Nbd2 Na5 14. Bc2 c5 15.
Be4 Rc8 16. Qc2 Bg6 17. b3 Qc7 18. Bb2 c4 19. b4 Nc6 20. e6 f5 21. Bxc6 Qxc6
22. Ne5 Qxe6 {Diagram [#]} 23. Nxg6 (23. Nexc4 Qc6 24. Nxb6 $18) 23... Qxg6 24.
Rxe7 Nd5 25. Re5 (25. Rae1 Nf4 (25... Nxe7 26. Rxe7 $16) 26. g3 Nxh3+ 27. Kf1
Qc6 28. f3 Ng5 29. Kg2 Rcd8 $11) 25... Nf4 26. g3 Nxh3+ 27. Kf1 Qc6 28. Qd1
Rcd8 29. Qf3 Qf6 30. Rd5 Rde8 31. Re1 Ng5 32. Qf4 Qh6 33. Rxe8 Qh1+ 34. Ke2
Rxe8+ 35. Re5 Rxe5+ 36. Qxe5 Qh5+ 37. Ke1 Qh1+ 1/2-1/2

[Event "Mechanics' Alan Benson TNM; G/2"]
[Site "San Francisco"]
[Date "2016.08.09"]
[Round "2.38"]
[White "Enkh, Tergelsar"]
[Black "Chan, John"]
[Result "0-1"]
[WhiteElo "1208"]
[BlackElo "1583"]
[PlyCount "58"]
[EventDate "2016.??.??"]

1. e4 e6 2. d4 d5 3. Nc3 Nf6 4. e5 Nfd7 5. a3 a6 6. Bd3 h6 7. Be3 b5 8. Nge2
Bb7 9. O-O c5 10. dxc5 Nxe5 11. Bd4 Nec6 12. f4 Nxd4 13. Nxd4 Bxc5 14. Nce2 Nc6
15. c3 Qf6 16. Qd2 O-O 17. Kh1 Bxd4 18. Nxd4 Nxd4 19. cxd4 Rac8 20. Rac1 g6 21.
Qe3 h5 22. Rce1 Kg7 23. Rf3 Rg8 24. Qe5 Rc6 25. Ref1 Rgc8 26. Qxf6+ Kxf6 27. f5
exf5 28. Bxf5 gxf5 29. Rxf5+ Kg6 0-1

[Event "Mechanics' Alan Benson TNM; G/2"]
[Site "San Francisco"]
[Date "2016.09.20"]
[Round "8.35"]
[White "Enkh, Tergelsar"]
[Black "Cunningham, Charles"]
[Result "1-0"]
[WhiteElo "1208"]
[BlackElo "1524"]
[PlyCount "73"]
[EventDate "2016.??.??"]

1. e4 e5 2. Nf3 Nc6 3. Bb5 Qf6 4. O-O a6 5. Ba4 b5 6. Bb3 Bb7 7. Re1 Bc5 8. c3
Na5 9. Bc2 O-O-O $2 10. b4 Bxf2+ 11. Kxf2 Nc4 12. d4 h6 13. Nbd2 d5 14. Nxc4
dxc4 15. Be3 g5 16. Kg1 Qg7 17. Nxe5 f6 18. Nf3 g4 19. Nh4 h5 20. Nf5 Qd7 21.
Bf4 Ne7 22. Nxe7+ Qxe7 23. a4 Qd7 24. axb5 axb5 25. e5 f5 26. Qd2 Qe6 27. Rf1
h4 28. Bg5 Rdf8 29. Qf4 Kb8 30. Bxf5 Qd5 31. Qxg4 h3 32. Be6 Qxg2+ 33. Qxg2
hxg2 34. Rxf8+ Rxf8 35. Bf6 Re8 36. Bd7 Rg8 37. e6 1-0

[Event "Mechanics' Winter TNM; G/2"]
[Site "San Francisco"]
[Date "2016.02.16"]
[Round "7.45"]
[White "Enkh, Tergelsar"]
[Black "Donaldson, Kyle Ga"]
[Result "0-1"]
[WhiteElo "1038"]
[BlackElo "1479"]
[PlyCount "34"]
[EventDate "2016.??.??"]

1. e4 c5 2. Nf3 d6 3. Bb5+ Nc6 4. Nc3 Nf6 5. d3 Bg4 6. h3 Bh5 7. Bg5 e5 8. Nd5
Qa5+ 9. c3 Nxd5 10. exd5 Qxb5 11. dxc6 Qxc6 12. g4 Bg6 13. Qe2 f6 14. Be3 e4
15. Nh4 exd3 16. Qf3 Be4 17. Qd1 Bxh1 {and Black later won.} 0-1

[Event "Mechanics' Fall TNM; G/2"]
[Site "San Francisco"]
[Date "2016.11.15"]
[Round "5.31"]
[White "Enkh, Tergelsar"]
[Black "Eastham, Asher Dan"]
[Result "1/2-1/2"]
[WhiteElo "1307"]
[BlackElo "1548"]
[PlyCount "65"]
[EventDate "2016.??.??"]

1. e4 e5 2. Nf3 Nc6 3. Bb5 a6 4. Ba4 Nf6 5. O-O Nxe4 6. Re1 Nc5 7. Bxc6 dxc6 8.
Nxe5 Be6 9. Qf3 Be7 10. d3 O-O 11. Nc3 Bf6 12. Ng4 Be7 13. b3 Re8 14. Bb2 Nd7
15. Ne4 f5 16. Nh6+ gxh6 17. Qg3+ Bg5 18. Nxg5 hxg5 19. h4 g4 20. h5 Nf6 21.
Qe5 Kf7 22. h6 Bd5 23. Qxf5 Qd6 24. Bxf6 Qxf6 25. Qxh7+ Kf8 26. Qxc7 Re7 27.
Rxe7 Qxe7 28. Qf4+ Kg8 29. Qxg4+ Kh7 30. c4 Rg8 31. Qf5+ Kxh6 32. cxd5 cxd5 33.
Qf4+ 1/2-1/2

[Event "Mechanics' Summer TNM; G/2"]
[Site "San Francisco"]
[Date "2016.06.14"]
[Round "4.39"]
[White "Enkh, Tergelsar"]
[Black "Eastham, Asher Dan"]
[Result "0-1"]
[WhiteElo "1205"]
[BlackElo "1576"]
[PlyCount "64"]
[EventDate "2016.??.??"]

1. e4 e5 2. Nf3 Nc6 3. Bc4 Bc5 4. d3 Nf6 5. Bg5 h6 6. Bh4 g5 7. Bg3 d6 8. Nfd2
Qe7 9. Nc3 Be6 10. Bxe6 Qxe6 11. Nb3 Bb6 12. Na4 O-O-O 13. Nxb6+ axb6 14. f3
Nh5 15. Bf2 Nf4 16. O-O h5 17. Be3 Rdg8 18. Bxf4 gxf4 19. Qd2 Qg6 20. a4 Na5
21. Rf2 Nxb3 22. cxb3 h4 23. h3 Qe6 24. Kh2 Qxb3 25. a5 Rd8 26. a6 Kb8 27. a7+
Ka8 28. Qc3 Qxc3 29. bxc3 d5 30. Rd2 Rhg8 31. Kg1 dxe4 32. fxe4 Rg3 0-1

[Event "Mechanics' Fall TNM; G/2"]
[Site "San Francisco"]
[Date "2016.11.29"]
[Round "7.23"]
[White "Enkh, Tergelsar"]
[Black "Kuczek, Kevin W"]
[Result "0-1"]
[WhiteElo "1307"]
[BlackElo "1742"]
[Annotator "Donaldson"]
[PlyCount "36"]
[EventDate "2016.??.??"]

1. e4 e5 2. Nf3 Nc6 3. Bb5 Nf6 4. O-O Nxe4 5. Re1 Nd6 6. Bxc6 dxc6 7. Nxe5 Be7
8. d4 O-O 9. Nc3 Be6 10. Bf4 Nf5 11. Nf3 Bf6 12. Be3 Re8 13. Ne4 Bd5 14. Nxf6+
Qxf6 15. Ne5 Nh4 16. f3 {Diagram [#]} Rxe5 $1 17. dxe5 Qg6 18. Qd2 $2 (18. Re2
Bxf3) 18... Nxf3+ 0-1

[Event "Mechanics' Winter TNM; G/2"]
[Site "San Francisco"]
[Date "2016.02.02"]
[Round "5.47"]
[White "Enkh, Tergelsar"]
[Black "Morgan, Jerry Dugl"]
[Result "0-1"]
[WhiteElo "1038"]
[BlackElo "1590"]
[Annotator "Donaldson"]
[PlyCount "60"]
[EventDate "2016.??.??"]

1. e4 Nf6 2. Nc3 e5 3. Nf3 Nc6 4. Bc4 Bc5 5. d3 O-O 6. Bg5 h6 7. Bh4 Be7 8. Nd5
$2 Nxd5 9. Bxe7 $4 (9. exd5 Bxh4 10. dxc6 bxc6 $17) 9... Ndxe7 $19 10. d4 exd4
11. Nxd4 Ne5 12. Bb3 c5 13. Nf3 N7g6 14. Nxe5 Nxe5 15. Qd6 Qg5 16. g3 Nf3+ 17.
Ke2 Nd4+ 18. Ke1 Qh5 19. Bc4 Nxc2+ 20. Kd2 Nxa1 21. Rxa1 Re8 22. Bd5 Qe5 23.
Qxe5 Rxe5 24. f4 Rh5 25. Rh1 d6 26. h4 Rb8 27. Ke3 Bg4 28. f5 Bxf5 29. exf5
Rxf5 30. Ke4 Re5+ 0-1